00802nam a22002411 450000100060000000300080000600500170001400800390003103500190007003500190008904000440010804100080015208200180016010000270017824500310020526000750023630000290031150400370034065100220037794200120039999900170041195201320042822151BD-RjUL20211209000755.0140306s1955 enka b 001 0 eng a(BD-RjUL)22216 a(OCoLC)1880662 aDLCcOClUdOCoLCdUkdDLCdBD-RjULbeng aeng a982bPEA 19551 aPendle, George.96837800aArgentina /cGeorge Pendle aLondon ;aNew York :bRoyal Institute of International Affairs,c1955. a159 p. :bill. ;c21 cm. aIncludes bibliography and index. 0aArgentina.968379 2ddccBK c22151d22151 00102ddc40728NFICaRUCLbRUCLcReadingd1959-01-10eColombo planl0o982 PEA 1955r2014-03-06 00:00:00tC-1w2014-03-06yBK